000 01557nam0a22003131 4500
001 v19\rc\1249483
005 20260407122009.0
035 _a(NLR Aleph) 004405955
090 _a3940241
_c3940241
100 _a20060306d1881 |||y0rusy50 ca
101 0 _arus
_afre
102 _aRU
105 _ay z |||||
200 1 _aДекларация [заключенная между Россией и Италией для взаимного признания мерительных свидетельств торговых судов
_eРим]. 14 мая 1881 г.
210 _a[Санкт-Петербург
_d1881]
215 _a[4] с.
300 _aПеред текстом: "Указ его императорского величества, самодержца всероссийского, из Правительствующего сената"
300 _aТекст парал. на рус. и франц. яз.
309 _aБез тит. л. и обл.
532 1 3 _aДекларация заключенная между Россией и Италией для взаимного признания мерительных свидетельств торговых судов
740 1 _aРоссия
_tДоговоры
_3RU\NLR\AUTH\889957979
_9412045
741 1 _aИталия, королевство
_tДоговоры
_9770158
_3RU\NLR\AUTH\880551983
801 0 _aRU
_bNLR
_gpsbo
801 1 _aRU
_bProSoft-M
_2rusmarc
852 _aNLR
_j18.133.1.59
852 _aNLR
_j18.250.1.175
942 _cBOOK
980 _aNB